000
00324nam a22001457a 4500
020
_a
10-81-223-0361-3
082
_a
001
_b
GAR/M
100
_a
GARG, RAJIV
245
_a
MATHEMATICS QUIZ BOOK
260
_a
NEW DELHI
_b
PUSTAK MAHAL
_c
2011
300
_a
216
520
_a
MATHEMATICS QUIZ
650
_a
MATHS QUIZ
942
_c
BK
999
_c
6704
_d
6704